Kỹ thuật tách hỗn hợp nhiều cấu tử : Giáo trình dùng cho sinh viên và học viên cao học ngành kỹ thuật hóa học của các trường Đại học kỹ thuật. Tập 1. Các nguyên lý và ứng dụng
保存先:
| 第一著者: | |
|---|---|
| フォーマット: | Sách |
| 言語: | Undetermined |
| 出版事項: |
Bách khoa - Hà Nội
2012
|
| 主題: | |
| タグ: |
タグ追加
タグなし, このレコードへの初めてのタグを付けませんか!
|
| Thư viện lưu trữ: | Trung tâm Thư viện - Trường Đại học Công nghiệp TP. Hồ Chí Minh |
|---|
| LEADER | 00755nam a2200157Ia 4500 | ||
|---|---|---|---|
| 001 | UIH_02530 | ||
| 008 | 231011s9999 xx 000 0 und d | ||
| 082 | |a 660.284 | ||
| 100 | |a Nguyễn Hữu Tùng | ||
| 245 | 0 | |a Kỹ thuật tách hỗn hợp nhiều cấu tử : Giáo trình dùng cho sinh viên và học viên cao học ngành kỹ thuật hóa học của các trường Đại học kỹ thuật. Tập 1. Các nguyên lý và ứng dụng | |
| 245 | 0 | |c Nguyễn Hữu Tùng | |
| 260 | |b Bách khoa - Hà Nội | ||
| 260 | |c 2012 | ||
| 650 | |a Công nghệ hóa học; | ||
| 927 | |a Sách | ||
| 980 | |a Trung tâm Thư viện - Trường Đại học Công nghiệp TP. Hồ Chí Minh | ||